000
00255 a2200097 4500
020
_a
9781032850702
100
_a
Vivek Kale
245
_a
Parallel computing architectures and APIs: IoT big data stream processing
260
_b
CRC Press
_c
2024
942
_c
OO
999
_c
116036
_d
116035